000 00330nam a2200097 4500
999 _c515123
_d515123
082 _aTNC J222 N213
100 _aFederation of Indian Chambers of Commerce Commerce of Commerce & Industry
_920251
245 _aNational Conference on Governance, 13th November 1999, New Delhi
260 _aNew Delhi
_bThe author
_c1999
300 _a79p.